Guess The Brand! #9 - Statistics

General Stats
  • This quiz has been taken 93 times
  • The average score is 35 of 90
Answer Stats
Picture Answer % Correct
Hulk
88%
Captain America
82%
7 Eleven
75%
Wonder Woman
75%
Tesla
74%
Jurassic Park
73%
Olympics
70%
Avengers
68%
Nutella
66%
Aldi
62%
Flash
61%
Tropicana
61%
Wrangler
61%
Renault
57%
Peugeot
56%
The New York Times
56%
Arbys
55%
Rolling Stones
55%
Helena Rubinstein
53%
Oxford
53%
Pepe Jeans
53%
Photoshop
53%
Skoda
53%
Kenzo
52%
Swiss Air
51%
Tim Hortons
51%
PBS Kids
49%
BBVA
48%
Forum
48%
Accenture
47%
ANA
47%
Lincoln
47%
Blizzard
45%
Energizer
45%
Jetblue
45%
Schweppes
45%
AVIS
44%
ASUS
43%
HBO
43%
Java
43%
Juicy Couture
43%
TGI Fridays
42%
Holiday Inn
40%
SKF
40%
Ubisoft
40%
Animal Planet
39%
ATI
39%
HSBC
39%
Mares
38%
General Mills
36%
Lonely Planet
36%
Ryannair
32%
Air Wick
31%
Easyjet
31%
MotoGP
31%
Smart
31%
SEIKO
30%
Telefonica
30%
Lancia
29%
Mikasa
29%
Best Western
27%
Philips
27%
Logitech
26%
Vauxhall
26%
Lloyds
22%
Swatch
22%
Chery
21%
Fujitsu
21%
Le Coq Sportif
21%
Royal Canin
21%
Baidu
19%
Oxfam
19%
Schwarzkopf
19%
Bradesco
18%
Groupon
18%
RBS
18%
Rowenta
18%
TNT
18%
Bank Of China
17%
Lexmark
17%
Philip Morris
17%
Vivo
17%
Banco Do Brasil
16%
Loewe
16%
Dakine
14%
Fiba
14%
Guerlain
14%
Rotring
13%
Saint Gobain
13%
Lindt
12%
No matching quizzes found
Score Distribution
Percent of People with Each Score
Percentile by Number Answered
Your Score History
You have not taken this quiz